000 00419nam a2200181Ia 4500
001 13760
005 20260306164824.0
008 260306t1999||||xx |||||||||||||| ||spa||
041 _aESP
082 _a005.133H
_bT48
100 _aThompson, Simon
_eAUT
245 0 _aHaskell the craft of functional programming
260 _c1999
300 _a
_c
650 _aGEN
654 _aCCC
942 _cLIB
_dJUS
_fJUS
_2ddc
_n
999 _c13760
_d13760